000 00758nam a2200253 4500
001 35816
010 _a9789898975812
021 _aPT
090 _a35816
100 _a20230710 pory50
101 0 _apor
102 _aPT
200 1 _aOdiolândia
_ecomo nos podemos proteger do ódio nas redes sociais
_fTeresa Paula Marques
205 _a1.ª ed
210 9 _aBarcarena
_cManuscrito,
_d2021
215 _a290 p.
_cil.
_d23 cm
304 _aTít. orig.: Odiolândia
675 _a159.942(035)
_vBN
_zpor
675 _a316.64(035)
_vBN
_zpor
700 1 _aMarques,
_bTeresa Paula,
_f1966-
801 0 _aPT
_bBN
_gRPC
856 4 1 _uhttp://rnod.bnportugal.gov.pt/ImagesBN/winlibimg.aspx?skey=&doc=2086095&img=158679&save=true
990 _cLIVROS
994 _aCOMP